<?xml version="1.0" encoding="UTF-8"?><?xml-stylesheet type="text/xsl" href="static/style.xsl"?><OAI-PMH xmlns="http://www.openarchives.org/OAI/2.0/" xmlns:xsi="http://www.w3.org/2001/XMLSchema-instance" xsi:schemaLocation="http://www.openarchives.org/OAI/2.0/ http://www.openarchives.org/OAI/2.0/OAI-PMH.xsd"><responseDate>2026-04-29T08:12:34Z</responseDate><request verb="GetRecord" identifier="oai:repisalud.isciii.es:20.500.12105/27140" metadataPrefix="marc">https://repisalud.isciii.es/rest/oai/request</request><GetRecord><record><header><identifier>oai:repisalud.isciii.es:20.500.12105/27140</identifier><datestamp>2026-01-13T01:17:10Z</datestamp><setSpec>com_20.500.12105_26629</setSpec><setSpec>com_20.500.12105_5570</setSpec><setSpec>com_20.500.12105_2404</setSpec><setSpec>com_20.500.12105_2403</setSpec><setSpec>col_20.500.12105_27052</setSpec></header><metadata><record xmlns="http://www.loc.gov/MARC21/slim" xmlns:dcterms="http://purl.org/dc/terms/" xmlns:doc="http://www.lyncode.com/xoai" xmlns:xsi="http://www.w3.org/2001/XMLSchema-instance" xsi:schemaLocation="http://www.loc.gov/MARC21/slim http://www.loc.gov/standards/marcxml/schema/MARC21slim.xsd">
   <leader>00925njm 22002777a 4500</leader>
   <datafield ind2=" " ind1=" " tag="042">
      <subfield code="a">dc</subfield>
   </datafield>
   <datafield ind2=" " ind1=" " tag="720">
      <subfield code="a">Sanz-Valero, Javier</subfield>
      <subfield code="e">author</subfield>
   </datafield>
   <datafield ind2=" " ind1=" " tag="260">
      <subfield code="c">2025-12-30</subfield>
   </datafield>
   <datafield ind2=" " ind1=" " tag="520">
      <subfield code="a">La revista Medicina y Seguridad del Trabajo, editada por la Escuela Nacional de Medicina del Trabajo (ENMT) del Instituto de Salud Carlos III (ISCIII), ha alcanzado un nuevo hito en su trayectoria académica y científica. En la Convocatoria de Evaluación de la Calidad Editorial y Científica de 2025, promovida
por la Fundación Española para la Ciencia y la Tecnología (FECYT), la publicación ha conseguido superar los exigentes criterios de calidad establecidos, obteniendo el reconocimiento oficial que acredita su excelencia editorial y científica. Este logro supone un aval para la comunidad de profesionales de la salud laboral, quienes encuentran en la revista un espacio riguroso y fiable para la difusión de su investigación. La ENMT desea expresar su agradecimiento a todos los autores, revisores, miembros del consejo editorial y lectores que, con su participación activa, han contribuido a alcanzar este logro. Su implicación ha sido fundamental para mantener la calidad, la actualidad y la pertinencia de los contenidos publicados. De igual modo, la ENMT reconoce el apoyo institucional del Instituto de Salud Carlos III, cuyo respaldo ha permitido dotar a la revista de los recursos humanos, técnicos y científicos necesarios para mantener su liderazgo en el campo de la salud laboral.</subfield>
   </datafield>
   <datafield ind1="8" ind2=" " tag="024">
      <subfield code="a">Sanz-Valero J. Medicina y Seguridad del Trabajo supera la evaluación de calidad. Med Segur Trab (Internet). 2025;71(281):224-227. doi: 10.4321/s0465-546x2025000400001</subfield>
   </datafield>
   <datafield ind1="8" ind2=" " tag="024">
      <subfield code="a">1989-7790</subfield>
   </datafield>
   <datafield ind1="8" ind2=" " tag="024">
      <subfield code="a">https://hdl.handle.net/20.500.12105/27140</subfield>
   </datafield>
   <datafield ind1="8" ind2=" " tag="024">
      <subfield code="a">Med Segur Trab. Vol.71 Nº 281 Madrid sep./dic.2025</subfield>
   </datafield>
   <datafield ind1="8" ind2=" " tag="024">
      <subfield code="a">156240044</subfield>
   </datafield>
   <datafield tag="653" ind2=" " ind1=" ">
      <subfield code="a">Revista de Medicina y Seguridad del Trabajo</subfield>
   </datafield>
   <datafield tag="653" ind2=" " ind1=" ">
      <subfield code="a">evaluación</subfield>
   </datafield>
   <datafield tag="653" ind2=" " ind1=" ">
      <subfield code="a">calidad</subfield>
   </datafield>
   <datafield tag="653" ind2=" " ind1=" ">
      <subfield code="a">FECYT</subfield>
   </datafield>
   <datafield ind2="0" ind1="0" tag="245">
      <subfield code="a">Medicina y Seguridad del Trabajo supera la evaluación de calidad.</subfield>
   </datafield>
</record></metadata></record></GetRecord></OAI-PMH>